MARC

LEADER 00000nam0a2200000 4500
001 327871
005 20231102004013.0
035 |a (RuTPU)RU\TPU\book\353558 
090 |a 327871 
100 |a 20170207d1966 k y0rusy50 ca 
101 0 |a rus 
102 |a UA 
105 |a a z 001zy 
200 1 |a Задачи календарного планирования и методы их решения  |f В. В. Шкурба [и др.]  |g Академия наук Украинской ССР (АН УССР), Институт кибернетики (ИК) 
210 |a Киев  |c Наукова думка  |d 1966 
215 |a 155 с.  |c ил. 
320 |a Библиогр.: с. 152-153 
606 1 |a Календарное планирование  |2 stltpush  |3 (RuTPU)RU\TPU\subj\13492  |9 40093 
610 1 |a планы 
610 1 |a задачи 
610 1 |a вычислительные схемы 
610 1 |a методы 
610 1 |a предприятия 
675 |a 658.512.6  |v 4 
701 1 |a Шкурба  |b В. В.  |g Виктор Васильевич 
701 1 |a Подчасова  |b Т. П.  |g Татьяна Павловна 
701 1 |a Пшичук  |b А. Н.  |g Алла Никитична 
701 1 |a Тур  |b Л. П.  |g Людмила Петровна 
712 0 2 |a Академия наук Украинской ССР (АН УССР)  |b Институт кибернетики (ИК)  |c (Киев)  |c (1962-1991)  |2 stltpush  |3 (RuTPU)RU\TPU\col\11437 
801 1 |a RU  |b 63413507  |c 20170207 
801 2 |a RU  |b 63413507  |c 20190829  |g RCR 
942 |c BK